Reflexions al voltant de la Llei Electoral Catalana / revisió de textos: Montserrat Solera Montserrat Solera
ISBN:
84-95417-19-7
Descripción Física:
174 p. : quadres ; 24 cm
Otros Autores:
Solera, Montserrat
MARC
| LEADER | 00000nam a2200000Ia 4500 | ||
|---|---|---|---|
| 001 | 20007 | ||
| 008 | 160829s2002 xx 000 0 cat d | ||
| 020 | |a 84-95417-19-7 | ||
| 080 | |a D-3-189 | ||
| 245 | |a Reflexions al voltant de la Llei Electoral Catalana / revisió de textos: |b Montserrat Solera | ||
| 260 | |a Barcelona : |b Fundació Carles Pi i Sunyer d'Estudis Autonòmics i Locals, |c 2002 | ||
| 300 | |a 174 p. : |b quadres ; |c 24 cm | ||
| 590 | |a A la portada: Jornada sobre la Llei Electoral Catalana, Barcelona, 15 de març de 2002. | ||
| 590 | |a A la coberta: ICPS. | ||
| 590 | |a Referències bibliogràfiques a cada capítol | ||
| 650 | |a Eleccions |x Catalunya |x Congressos |9 44548 | ||
| 650 | |a Dret electoral |x Catalunya |x Congressos |9 44549 | ||
| 700 | 1 | |a Solera, Montserrat |e editor |9 46032 | |
| 710 | 1 | |a Fundació Carles Pi i Sunyer d'Estudis Autonòmics i Locals |9 52753 | |
| 710 | 2 | |a Institut de Ciències Polítiques i Socials (Barcelona, Catalunya) |9 55871 | |
| 901 | |a Arxiu | ||
| 942 | |n 1 |2 udc | ||
| 952 | |0 0 |1 0 |4 0 |6 D3189 |7 1 |9 51989 |a Arxiu |b Arxiu |d 2016-12-01 |l 0 |o D-3-189 |p 20007 |r 2016-12-01 00:00:00 |w 2016-12-01 |y ARXIU | ||
| 999 | |c 55836 |d 55836 | ||